| 000 | 00361nam a2200133Ia 4500 | ||
|---|---|---|---|
| 005 | 20260328104255.0 | ||
| 008 | 260328s9999||||xx |||||||||||||| ||und|| | ||
| 100 | _aBrace Taylor, Brian | ||
| 245 | 0 |
_aPierre Chareau : _b Designer and Architect / _cBrian Brace Taylor |
|
| 260 | _bTaschen | ||
| 300 | _a160 p. | ||
| 650 | _aDECORACIÓN DE INTERIORES | ||
| 942 | _cBK | ||
| 999 |
_c10380 _d10380 |
||